书目信息 |
| 题名: |
高等数学学习指导
|
|
| 作者: | 王霞 , 王玉杰 主编 | |
| 分册: | 下册 | |
| 出版信息: | 西安 西安交通大学出版社 2010.03 |
|
| 页数: | 190页 | |
| 开本: | 23cm | |
| 丛书名: | ||
| 单 册: | ||
| 中图分类: | O13 | |
| 科图分类: | ||
| 主题词: | 高等数学--gao deng shu xue--高等学校--教学参考资料 | |
| 电子资源: | ||
| ISBN: | 978-7-5605-3369-8 | |
| 000 | 00974nam0 2200253 450 | |
| 001 | 012010080728 | |
| 005 | 20100601083908.50 | |
| 010 | @a978-7-5605-3369-8@dCNY19.00 | |
| 100 | @a20100601d2010 em y0chiy0120 ea | |
| 101 | 0 | @achi |
| 102 | @aCN@b610000 | |
| 105 | @aa z 000yy | |
| 106 | @ar | |
| 200 | 1 | @a高等数学学习指导@Agao deng shu xue xue xi zhi dao@h下册@f王霞, 王玉杰主编@Fwang xia,wang yu jie zhu bian |
| 210 | @a西安@c西安交通大学出版社@d2010.03 | |
| 215 | @a190页@c图@d23cm | |
| 300 | @a“十一五”规划教材 教育部高等理工教育数学基础课程 教学改革与实践项目 | |
| 330 | @a本书按照《高等数学》的章节顺序编排,以便与教学需求保持同步,内容分五章:向量代数与空间解析几何、多元函数微分学、重积分、曲线积分与曲面积分、无穷极数。 | |
| 606 | 0 | @a高等数学@Agao deng shu xue@x高等学校@j教学参考资料 |
| 690 | @aO13@v4 | |
| 701 | 0 | @a王霞@Awang xia@4主编 |
| 701 | 0 | @a王玉杰@Awang yu jie@4主编 |
| 801 | 0 | @aCN@bQSSK@c20100601 |
| 905 | @b779968-70@dO13@eW400:2@f3 | |
| 高等数学学习指导.下册/王霞, 王玉杰主编.-西安:西安交通大学出版社,2010.03 |
| 190页:图;23cm |
| “十一五”规划教材 教育部高等理工教育数学基础课程 教学改革与实践项目 |
| ISBN 978-7-5605-3369-8:CNY19.00 |
| 本书按照《高等数学》的章节顺序编排,以便与教学需求保持同步,内容分五章:向量代数与空间解析几何、多元函数微分学、重积分、曲线积分与曲面积分、无穷极数。 |
| ● |
| 相关链接 |
|
|
|
正题名:高等数学学习指导
索取号:O13/W400:2
 
预约/预借
| 序号 | 登录号 | 条形码 | 馆藏地/架位号 | 状态 | 备注 |
| 1 | 779968 | 207799685 | 自科库401/401自科库 107排5列3层/ [索取号:O13/W400:2] | 在馆 | |
| 2 | 779969 | 207799694 | 自科库401/401自科库 107排5列3层/ [索取号:O13/W400:2] | 在馆 | |
| 3 | 779970 | 207799701 | 自科库401/401自科库 107排5列3层/ [索取号:O13/W400:2] | 在馆 |